Formas de países asiáticos - Estadísticas

Estadísticas generales
  • Esta prueba ha sido intentada 2.672 veces
  • La puntuación promedio es 33 de 48
Estadísticas de respuestas
Imagen Respuesta % Correcto
India
99%
China
98%
Japón
98%
Turquía
94%
Vietnam
93%
Indonesia
87%
Chipre
84%
Pakistán
84%
Tailandia
84%
Filipinas
83%
Sri Lanka
83%
Birmania
82%
Nepal
79%
Israel
76%
Irán
75%
Laos
75%
Irak
73%
Malasia
73%
Mongolia
73%
Taiwán
72%
Afganistán
71%
Maldivas
71%
Kazajistán
70%
Omán
70%
Arabia Saudita
69%
Jordania
67%
Yemen
67%
Bangladés
63%
Georgia
61%
Uzbekistán
61%
Corea del Sur
60%
Emiratos Árabes Unidos
60%
Turkmenistán
58%
Siria
57%
Timor Oriental
57%
Corea del Norte
55%
Kirguistán
54%
Azerbaiyán
53%
Catar
52%
Kuwait
52%
Tayikistán
52%
Líbano
49%
Singapur
49%
Bután
48%
Armenia
47%
Camboya
47%
Brunéi
46%
Baréin
43%
No se encontraron pruebas coincidentes
Distribución de puntuación
Porcentaje de gente con cada puntuación
Porcentaje por número respondido
Historial de tus puntuaciones
No has intentado esta prueba.